Statistics for ♫ "golden hour" - Lyrics - JVKE ♫

Click here to take the quiz!

General Stats

  • This quiz has been taken 92 times
  • The average score is 146 of 195

Answer Stats

Lyric% Correct
I
100%
It
98%
love
96%
You
95%
you
95%
A
93%
golden
93%
hour
93%
the
93%
to
93%
was
93%
no
91%
No
91%
two
91%
your
91%
for
89%
For
89%
In
89%
in
89%
just
89%
car,
87%
my
87%
My
87%
night
85%
see
85%
Shine
85%
Sittin'
85%
don't
84%
glitter
84%
It's
84%
life
84%
light
84%
lovers
84%
of
84%
each
82%
Fallin'
82%
Got
82%
got
82%
need
82%
other
82%
She
82%
she
82%
skin
82%
listening
80%
all
78%
alone
76%
beam
76%
with
76%
"Where
75%
mother
73%
(oh)
73%
time
73%
call
71%
from
71%
She's
71%
slow
71%
Blonde
69%
down
69%
at
67%
Like,
67%
like
67%
Missed
67%
radiant
67%
We
67%
and
65%
tonight?"
65%
Donald
64%
on
64%
Glover
62%
orange
62%
skies,
62%
were
62%
alibi
60%
Pink
60%
childish
58%
feel
58%
super
58%
feelin'
56%
dash,
45%
Radio
45%
Feet
44%
up
42%
blast,
40%
solar
40%
power
38%
fast
36%
her
36%
summer
36%
can
35%
drivin'
35%
knew
35%
make
35%
nowhere
35%
through
35%
baddest,
33%
Burnin'
33%
glow
33%
last
33%
Minutes
33%
moment
33%
even
31%
hours
31%
angel
29%
did?
29%
eyes
29%
face
29%
imagine
29%
look
29%
glorious
24%

Score Distribution

Percentile by Number Answered

Percent of People with Each Score

Your Score History

You have not taken this quiz